Statistics for Hard WW2 multiple choice

Click here to take the quiz!

General Stats

  • This quiz has been taken 121 times
  • The average score is 3 of 10

Answer Stats

QuestionAnswer% Correct
What is the proper name for D-DayOperation Overlord
94%
The American Operation to liberate French North AfricaOperation Torch
56%
The operation to relive LeningradOperation Uranus
32%
The planned invasion of PolandOperation Weiss
27%
A plot to assassinate StalinOperation Zepplin
25%
Operation to sabotage Germany's black water production plants in NorwayOperation Gunnerside
20%
The Operation to hunt down the TirpitzOperation Source
19%
A surprise raid on Pas-de-CalaisOperation Chess
13%
When the British started giving false orders to the German pilotsOperation Corona
10%
The operation for the Germans to deploy Radar to franceOperation Biting
8%

Score Distribution

Percentile by Number Answered

Percent of People with Each Score

Your Score History

You have not taken this quiz